000 00885nam a2200205 i 4500
001 154570
003 ES-MaACL
005 20250830033358.0
008 940202s1839 sp |||| | spa d
040 _aCAM
_bspa
100 1 _aGonzález Vallejo, Pedro,
_d1770-1842
_9127432
245 1 0 _aDiscurso canónico-legal sobre los nombramientos de gobernadores hechos por los cabildos en los presentados por S.M. para Obispos de sus iglesias /
_cPedro González de Vallejo...
260 _aMadrid :
_b[s.n.],
_c1839 (
_fImp. José María Repullés)
300 _a274, [2] p. ;
_c22 cm.
650 7 _aObispos-
_xNominación y elección
_2
_9170354
650 4 _aVicarios capitulares.
_9170355
651 4 _aToledo-
_xHistoria eclesiástica.
_9168543
852 _aES-MaACL
_jT-190-F-2
_z-- Enc. hol., falto de la cub. original
_z-- Enc. en un vol. facticio
999 _c154570
_d154570